| 000 | 01241nam0a2200313 4500 | ||
|---|---|---|---|
| 001 | RU\NLR\BIBL_A\011923707 | ||
| 005 | 20190528153658.0 | ||
| 010 |
_a978-5-00059-263-2 _910000 |
||
| 021 |
_aRU _bКН-П-18-099713 _9КН-П-18-7237 |
||
| 035 | _a(NLR Aleph) 011923707 | ||
| 035 | _a(RuMoRGB)009849417 | ||
| 090 |
_a11001742 _c11001742 |
||
| 100 | _a20190130d2018 u y0rusy50 ca | ||
| 101 | 0 | _arus | |
| 102 | _aRU | ||
| 105 | _aa w 000zy | ||
| 200 | 1 |
_aЯ буду крестным _eпамятка восприемника _f[автор-составитель: О. А. Соколова] |
|
| 210 |
_aМосква _cДуховное преображение _d2018 |
||
| 215 |
_a30, [1] с. _cил. _d20 |
||
| 606 | 1 |
_aКрещение _xПравославная концепция _92223393 _3RU\NLR\AUTH\6601567948 |
|
| 610 | 0 | _aкрестные родители | |
| 686 | 2 | _aЭ372.24-503.261 | |
| 702 | 1 |
_4220 _7ca _8rus _aСоколова _bО. А. _cправославный писатель _gОльга А. _9129257 _3RU\NLR\AUTH\770129288 |
|
| 942 | _cBOOK | ||
| 980 | _aNBR | ||
| 980 | _aNB | ||